[Event "EYCC 2024 - G18"]
[Site "?"]
[Date "2024.08.22"]
[Round "1.1"]
[White "Blokhin, Sofia"]
[Black "Putar, Lara"]
[Result "1-0"]
[BlackElo "1841"]
[WhiteElo "2052"]
[LiveChessVersion "1.4.8"]

1. d4 {[%clk 1:30:57]} Nf6 {[%clk 1:30:56]} 2. c4 {[%clk 1:31:21]} g6
{[%clk 1:31:23]} 3. Nc3 {[%clk 1:31:43]} d5 {[%clk 1:31:48]} 4. Bf4
{[%clk 1:32:07]} Bg7 {[%clk 1:31:45]} 5. e3 {[%clk 1:32:26]} O-O {[%clk 1:31:22]}
6. Rc1 {[%clk 1:22:34]} c6 {[%clk 1:28:53]} 7. h3 {[%clk 1:20:45]} b6
{[%clk 1:26:10]} 8. Nf3 {[%clk 1:18:17]} Bb7 {[%clk 1:19:53]} 9. Qb3
{[%clk 1:02:20]} Nbd7 {[%clk 1:14:01]} 10. Be2 {[%clk 0:58:06]} Rc8
{[%clk 0:55:32]} 11. O-O {[%clk 0:53:38]} dxc4 {[%clk 0:53:23]} 12. Bxc4
{[%clk 0:52:43]} b5 {[%clk 0:51:57]} 13. Be2 {[%clk 0:48:19]} Qb6
{[%clk 0:50:48]} 14. Rfd1 {[%clk 0:42:31]} a6 {[%clk 0:49:11]} 15. a4
{[%clk 0:34:54]} b4 {[%clk 0:43:48]} 16. Nb1 {[%clk 0:29:21]} c5 {[%clk 0:35:41]}
17. d5 {[%clk 0:22:34]} Qa5 {[%clk 0:22:22]} 18. d6 {[%clk 0:16:24]} e5
{[%clk 0:15:36]} 19. Bh2 {[%clk 0:14:53]} Bc6 {[%clk 0:11:57]} 20. Bc4
{[%clk 0:14:24]} Ne4 {[%clk 0:08:39]} 21. Nbd2 {[%clk 0:12:06]} Nxd6
{[%clk 0:08:19]} 22. Ra1 {[%clk 0:10:42]} Bxf3 {[%clk 0:05:51]} 23. Nxf3
{[%clk 0:10:08]} Nxc4 {[%clk 0:06:13]} 24. Qxc4 {[%clk 0:08:21]} Nb6
{[%clk 0:06:28]} 25. Qe4 {[%clk 0:07:32]} c4 {[%clk 0:05:57]} 26. Rac1
{[%clk 0:05:55]} f5 {[%clk 0:03:40]} 27. Qh4 {[%clk 0:05:29]} Bf6
{[%clk 0:03:08]} 28. Qh6 {[%clk 0:05:27]} Qc5 {[%clk 0:01:55]} 29. a5
{[%clk 0:03:21]} Qxa5 {[%clk 0:01:41]} 30. Rd6 {[%clk 0:03:15]} Rcd8
{[%clk 0:01:06]} 31. Rxf6 {[%clk 0:02:02]} Rxf6 {[%clk 0:01:07]} 32. Bxe5
{[%clk 0:02:11]} Rf7 {[%clk 0:01:10]} 33. Qh4 {[%clk 0:02:15]} Re8
{[%clk 0:01:04]} 34. Bd4 {[%clk 0:02:24]} Qb5 {[%clk 0:00:38]} 35. Ng5
{[%clk 0:02:10]} Rc7 {[%clk 0:00:41]} 36. Qg3 {[%clk 0:00:50]} Nd5
{[%clk 0:00:43]} 37. h4 {[%clk 0:00:38]} Qc6 {[%clk 0:00:41]} 38. h5
{[%clk 0:00:56]} h6 {[%clk 0:00:33]} 39. Nf3 {[%clk 0:01:07]} Re6
{[%clk 0:00:36]} 40. Ne5 {[%clk 0:00:54]} Qd6 {[%clk 0:00:40]} 41. hxg6
{[%clk 0:00:46]} Nf6 {[%clk 0:00:42]} 42. f4 {[%clk 0:00:38]} c3 {[%clk 0:00:40]}
43. bxc3 {[%clk 0:00:47]} bxc3 {[%clk 0:00:55]} 44. Qh3 {[%clk 0:00:51]} Qa3
{[%clk 0:01:01]} 45. Rc2 {[%clk 0:01:02]} Qb3 {[%clk 0:01:07]} 46. Qxf5
{[%clk 0:01:13]} a5 {[%clk 0:01:00]} 47. Nf7 {[%clk 0:01:08]} Rxf7
{[%clk 0:00:38]} 48. gxf7+ {[%clk 0:01:23]} Kxf7 {[%clk 0:01:04]} 49. Rxc3
{[%clk 0:01:04]} Qd1+ {[%clk 0:01:04]} 50. Kh2 {[%clk 0:01:22]} Qh5+
{[%clk 0:01:14]} 51. Qxh5+ {[%clk 0:01:47]} Nxh5 {[%clk 0:01:40]} 52. Rc5
{[%clk 0:01:32]} Nf6 {[%clk 0:01:47]} 53. Rxa5 {[%clk 0:00:32]} Ng4+
{[%clk 0:01:58]} 54. Kg3 {[%clk 0:00:37]} Nxe3 {[%clk 0:02:14]} 55. Be5
{[%clk 0:00:34]} Kg6 {[%clk 0:01:24]} 56. Ra7 {[%clk 0:00:42]} Nf5+
{[%clk 0:01:32]} 57. Kf3 {[%clk 0:00:46]} h5 {[%clk 0:01:49]} 58. g4
{[%clk 0:01:00]} hxg4+ {[%clk 0:02:04]} 59. Kxg4 {[%clk 0:01:27]} Rb6
{[%clk 0:02:08]} 60. Ra8 {[%clk 0:01:22]} Nh6+ {[%clk 0:01:40]} 61. Kf3
{[%clk 0:01:39]} Rb3+ {[%clk 0:01:16]} 62. Ke4 {[%clk 0:01:58]} Rb4+
{[%clk 0:01:42]} 63. Kd5 {[%clk 0:01:55]} Nf5 {[%clk 0:01:02]} 64. Ra6+
{[%clk 0:01:22]} Kh7 {[%clk 0:01:04]} 65. Ke6 {[%clk 0:01:16]} Ng7+
{[%clk 0:00:44]} 66. Kf6 {[%clk 0:00:41]} Rb7 {[%clk 0:00:39]} 67. Kg5
{[%clk 0:00:53]} Rf7 {[%clk 0:00:42]} 68. Rh6+ {[%clk 0:01:11]} Kg8
{[%clk 0:01:06]} 69. Rg6 {[%clk 0:01:08]} Kh7 {[%clk 0:01:09]} 70. Rh6+
{[%clk 0:00:39]} Kg8 {[%clk 0:01:37]} 71. Kg6 {[%clk 0:00:34]} Re7
{[%clk 0:01:45]} 72. Rh1 {[%clk 0:00:33]} Re6+ {[%clk 0:00:51]} 73. Bf6
{[%clk 0:00:40]} Ra6 {[%clk 0:01:13]} 74. f5 {[%clk 0:00:55]} Rb6
{[%clk 0:00:52]} 75. Re1 {[%clk 0:00:42]} Kf8 {[%clk 0:00:45]} 76. Kg5
{[%clk 0:00:39]} Ne8 {[%clk 0:00:32]} 77. Bd4 {[%clk 0:01:03]} Rb5
{[%clk 0:00:52]} 78. Kg6 {[%clk 0:01:05]} Nd6 {[%clk 0:00:37]} 79. Bg7+
{[%clk 0:00:52]} Kg8 {[%clk 0:00:37]} 80. f6 {[%clk 0:00:43]} Rb7
{[%clk 0:00:34]} 81. Re6 {[%clk 0:00:35]} Rd7 {[%clk 0:00:48]} 82. Bh6
{[%clk 0:00:38]} Rd8 {[%clk 0:00:40]} 83. Re7 {[%clk 0:00:54]} Kh8
{[%clk 0:00:31]} 84. Rh7+ {[%clk 0:00:37]} Kg8 {[%clk 0:01:00]} 85. Rg7+
{[%clk 0:00:53]} Kh8 {[%clk 0:01:22]} 86. Bf4 {[%clk 0:00:52]} Rf8
{[%clk 0:01:16]} 87. Be5 {[%clk 0:00:41]} Nc4 {[%clk 0:00:35]} 88. Rh7+
{[%clk 0:01:02]} Kg8 {[%clk 0:00:57]} 89. f7+ {[%clk 0:01:25]} Rxf7
{[%clk 0:01:20]} 90. Rh8# {[%clk 0:01:50]} 1-0

[Event "EYCC 2024 - G18"]
[Site "?"]
[Date "2024.08.22"]
[Round "1.2"]
[White "Helgadottir, Idunn"]
[Black "Deladerriere, Calypso"]
[Result "0-1"]
[BlackElo "2044"]
[WhiteElo "1837"]
[LiveChessVersion "1.4.8"]

1. d4 {[%clk 1:30:58]} d5 {[%clk 1:30:46]} 2. Nf3 {[%clk 1:31:21]} Nc6
{[%clk 1:30:51]} 3. Bf4 {[%clk 1:31:20]} Nf6 {[%clk 1:30:48]} 4. e3
{[%clk 1:31:35]} Nh5 {[%clk 1:30:41]} 5. Bg3 {[%clk 1:31:09]} Nxg3
{[%clk 1:30:41]} 6. hxg3 {[%clk 1:31:31]} g6 {[%clk 1:30:38]} 7. c4
{[%clk 1:29:35]} dxc4 {[%clk 1:30:20]} 8. Bxc4 {[%clk 1:29:50]} Bg7
{[%clk 1:30:09]} 9. Nc3 {[%clk 1:25:29]} O-O {[%clk 1:30:03]} 10. Qc2
{[%clk 1:16:17]} e6 {[%clk 1:28:27]} 11. a3 {[%clk 1:15:37]} b6 {[%clk 1:26:35]}
12. O-O {[%clk 1:11:22]} Bb7 {[%clk 1:24:54]} 13. Rfd1 {[%clk 1:11:05]} Ne7
{[%clk 1:12:55]} 14. Rac1 {[%clk 1:09:09]} Rc8 {[%clk 1:09:55]} 15. b4
{[%clk 1:07:04]} Nd5 {[%clk 1:01:16]} 16. Ne2 {[%clk 0:51:48]} Qe7
{[%clk 0:56:40]} 17. Qa4 {[%clk 0:41:32]} c5 {[%clk 0:48:40]} 18. bxc5
{[%clk 0:36:33]} bxc5 {[%clk 0:47:24]} 19. Ba2 {[%clk 0:27:19]} cxd4
{[%clk 0:40:29]} 20. Nfxd4 {[%clk 0:26:25]} Ba8 {[%clk 0:36:24]} 21. Qa6
{[%clk 0:18:44]} Qb7 {[%clk 0:25:59]} 22. Bc4 {[%clk 0:14:55]} Nb6
{[%clk 0:19:26]} 23. Qxb7 {[%clk 0:14:55]} Bxb7 {[%clk 0:19:52]} 24. Ba2
{[%clk 0:14:51]} Rfd8 {[%clk 0:18:29]} 25. Nb5 {[%clk 0:07:02]} Rxc1
{[%clk 0:14:06]} 26. Rxc1 {[%clk 0:07:17]} Ba6 {[%clk 0:07:48]} 27. Nec3
{[%clk 0:06:20]} Rd2 {[%clk 0:04:37]} 28. Nc7 {[%clk 0:03:21]} Bc8
{[%clk 0:03:47]} 29. Bb1 {[%clk 0:03:20]} Bxc3 {[%clk 0:04:06]} 0-1

[Event "EYCC 2024 - G18"]
[Site "?"]
[Date "2024.08.22"]
[Round "1.3"]
[White "Shuqja, Klean"]
[Black "Nagyova, Daniela"]
[Result "1/2-1/2"]
[BlackElo "1835"]
[WhiteElo "2042"]
[LiveChessVersion "1.4.8"]

1. e4 {[%clk 1:30:59]} e5 {[%clk 1:30:47]} 2. Nf3 {[%clk 1:31:27]} Nc6
{[%clk 1:31:06]} 3. Bb5 {[%clk 1:31:53]} f5 {[%clk 1:31:17]} 4. d3
{[%clk 1:32:22]} fxe4 {[%clk 1:31:12]} 5. dxe4 {[%clk 1:32:48]} Nf6
{[%clk 1:31:05]} 6. O-O {[%clk 1:31:59]} Bc5 {[%clk 1:31:11]} 7. Nc3
{[%clk 1:25:23]} d6 {[%clk 1:28:08]} 8. Bg5 {[%clk 1:09:59]} O-O {[%clk 1:21:40]}
9. Nd5 {[%clk 1:06:22]} Kh8 {[%clk 1:21:00]} 10. c3 {[%clk 0:53:42]} a6
{[%clk 1:15:37]} 11. Bd3 {[%clk 0:49:21]} Bg4 {[%clk 1:12:24]} 12. Bxf6
{[%clk 0:44:05]} gxf6 {[%clk 1:10:00]} 13. h3 {[%clk 0:34:25]} Bh5
{[%clk 1:06:38]} 14. Be2 {[%clk 0:31:48]} Ne7 {[%clk 0:59:47]} 15. Nxe7
{[%clk 0:31:13]} Qxe7 {[%clk 1:00:11]} 16. Nh4 {[%clk 0:30:44]} Bxe2
{[%clk 0:57:38]} 17. Qxe2 {[%clk 0:31:04]} Rg8 {[%clk 0:50:42]} 18. Nf5
{[%clk 0:28:22]} Qe6 {[%clk 0:48:23]} 19. b4 {[%clk 0:19:27]} Bb6
{[%clk 0:45:42]} 20. Rad1 {[%clk 0:19:05]} Rg5 {[%clk 0:40:53]} 21. Kh2
{[%clk 0:16:27]} Rag8 {[%clk 0:35:35]} 22. g3 {[%clk 0:14:38]} Rd8
{[%clk 0:25:37]} 23. c4 {[%clk 0:13:19]} Ba7 {[%clk 0:24:06]} 24. Rd2
{[%clk 0:12:32]} Bb8 {[%clk 0:19:08]} 25. Rfd1 {[%clk 0:12:15]} c6
{[%clk 0:17:06]} 26. a4 {[%clk 0:11:20]} Bc7 {[%clk 0:15:56]} 27. h4
{[%clk 0:07:53]} Rgg8 {[%clk 0:14:39]} 28. b5 {[%clk 0:06:44]} axb5
{[%clk 0:10:42]} 29. axb5 {[%clk 0:06:48]} Rd7 {[%clk 0:10:21]} 30. b6
{[%clk 0:04:10]} Bxb6 {[%clk 0:07:25]} 31. Rxd6 {[%clk 0:04:29]} Rxd6
{[%clk 0:07:45]} 32. Rxd6 {[%clk 0:04:53]} Qf7 {[%clk 0:07:17]} 33. Qf3
{[%clk 0:02:12]} Rf8 {[%clk 0:05:45]} 34. Nh6 {[%clk 0:01:20]} Qe7
{[%clk 0:05:52]} 35. Nf5 {[%clk 0:01:03]} Qf7 {[%clk 0:05:48]} 36. Nh6
{[%clk 0:00:47]} Qe7 {[%clk 0:05:16]} 37. Nf5 {[%clk 0:00:35]} Qf7 1/2-1/2

[Event "EYCC 2024 - G18"]
[Site "?"]
[Date "2024.08.22"]
[Round "1.4"]
[White "Kosak, Karolina"]
[Black "Deak-Sala, Emilia"]
[Result "0-1"]
[BlackElo "2037"]
[WhiteElo "1833"]
[LiveChessVersion "1.4.8"]

1. e4 {[%clk 1:30:59]} c5 {[%clk 1:30:57]} 2. c3 {[%clk 1:31:22]} Nf6
{[%clk 1:31:23]} 3. e5 {[%clk 1:31:46]} Nd5 {[%clk 1:31:51]} 4. Nf3
{[%clk 1:32:11]} Nc6 {[%clk 1:32:17]} 5. Bc4 {[%clk 1:32:25]} Nb6
{[%clk 1:32:43]} 6. Bb3 {[%clk 1:32:36]} d5 {[%clk 1:32:43]} 7. exd6
{[%clk 1:33:04]} Bf5 {[%clk 1:33:01]} 8. d4 {[%clk 1:25:12]} exd6
{[%clk 1:33:24]} 9. O-O {[%clk 1:22:07]} Be7 {[%clk 1:31:47]} 10. Bf4
{[%clk 1:17:04]} O-O {[%clk 1:31:38]} 11. Re1 {[%clk 1:16:53]} d5
{[%clk 1:22:02]} 12. dxc5 {[%clk 1:16:22]} Bxc5 {[%clk 1:19:43]} 13. a4
{[%clk 1:13:41]} Nc4 {[%clk 1:06:07]} 14. Bxc4 {[%clk 0:54:54]} dxc4
{[%clk 1:06:30]} 15. Na3 {[%clk 0:53:57]} Bd3 {[%clk 1:03:24]} 16. Ne5
{[%clk 0:53:25]} Nxe5 {[%clk 1:02:32]} 17. Bxe5 {[%clk 0:53:00]} Qb6
{[%clk 0:57:59]} 18. Qd2 {[%clk 0:42:24]} a6 {[%clk 0:54:06]} 19. a5
{[%clk 0:37:44]} Qg6 {[%clk 0:52:52]} 20. Qf4 {[%clk 0:36:08]} Rac8
{[%clk 0:48:55]} 21. Bd4 {[%clk 0:32:01]} f6 {[%clk 0:45:27]} 22. Bxc5
{[%clk 0:29:48]} Rxc5 {[%clk 0:45:51]} 23. Rad1 {[%clk 0:25:39]} Rg5
{[%clk 0:33:24]} 24. g3 {[%clk 0:24:32]} h5 {[%clk 0:32:19]} 25. h3
{[%clk 0:20:05]} Rc8 {[%clk 0:21:43]} 26. Qd6 {[%clk 0:16:54]} Kh7
{[%clk 0:21:51]} 27. Re7 {[%clk 0:15:29]} h4 {[%clk 0:20:52]} 28. g4
{[%clk 0:14:07]} Rc6 {[%clk 0:13:55]} 29. Qd4 {[%clk 0:14:35]} Rxa5
{[%clk 0:11:34]} 30. Rxb7 {[%clk 0:13:39]} Re5 {[%clk 0:11:10]} 31. f3
{[%clk 0:10:31]} Qh6 {[%clk 0:07:48]} 32. Nb1 {[%clk 0:07:59]} Rce6
{[%clk 0:06:58]} 33. Qf2 {[%clk 0:02:06]} Re2 {[%clk 0:07:14]} 34. Qf1
{[%clk 0:00:54]} Qe3+ {[%clk 0:07:39]} 35. Kh1 {[%clk 0:01:11]} Rf2
{[%clk 0:08:03]} 36. Qxd3+ {[%clk 0:00:49]} cxd3 {[%clk 0:08:27]} 37. Rxd3
{[%clk 0:01:09]} Qe1# {[%clk 0:08:53]} 0-1

[Event "EYCC 2024 - G18"]
[Site "?"]
[Date "2024.08.22"]
[Round "1.5"]
[White "Skarbarchuk, Tetyana"]
[Black "Athanasiou, Soumela"]
[Result "1-0"]
[BlackElo "1832"]
[WhiteElo "2037"]
[LiveChessVersion "1.4.8"]

1. d4 {[%clk 1:30:56]} d5 {[%clk 1:30:51]} 2. c4 {[%clk 1:31:20]} e6
{[%clk 1:31:12]} 3. Nc3 {[%clk 1:31:41]} Be7 {[%clk 1:31:12]} 4. Nf3
{[%clk 1:31:18]} Nf6 {[%clk 1:31:24]} 5. Bg5 {[%clk 1:30:39]} h6 {[%clk 1:31:30]}
6. Bh4 {[%clk 1:30:43]} O-O {[%clk 1:31:40]} 7. e3 {[%clk 1:30:55]} b6
{[%clk 1:31:04]} 8. cxd5 {[%clk 1:29:19]} Nxd5 {[%clk 1:30:55]} 9. Nxd5
{[%clk 1:29:21]} exd5 {[%clk 1:28:17]} 10. Bxe7 {[%clk 1:28:50]} Qxe7
{[%clk 1:28:39]} 11. Bd3 {[%clk 1:28:33]} Be6 {[%clk 1:27:23]} 12. O-O
{[%clk 1:27:18]} c5 {[%clk 1:26:02]} 13. b3 {[%clk 1:25:59]} Nd7 {[%clk 1:23:33]}
14. Rc1 {[%clk 1:24:11]} Rfc8 {[%clk 1:07:39]} 15. Qe2 {[%clk 1:14:53]} Nf6
{[%clk 1:01:33]} 16. h3 {[%clk 1:08:47]} a5 {[%clk 0:58:39]} 17. a4
{[%clk 0:54:48]} Ne4 {[%clk 0:47:37]} 18. Rc2 {[%clk 0:44:28]} Bd7
{[%clk 0:40:08]} 19. Rfc1 {[%clk 0:27:56]} c4 {[%clk 0:34:46]} 20. bxc4
{[%clk 0:28:21]} Bxa4 {[%clk 0:34:57]} 21. Rb2 {[%clk 0:26:18]} b5
{[%clk 0:22:08]} 22. c5 {[%clk 0:22:22]} b4 {[%clk 0:21:44]} 23. Bxe4
{[%clk 0:22:46]} dxe4 {[%clk 0:22:07]} 24. Ne5 {[%clk 0:19:47]} Be8
{[%clk 0:15:09]} 25. Qc2 {[%clk 0:18:45]} f5 {[%clk 0:13:23]} 26. Nc4
{[%clk 0:16:17]} Ra6 {[%clk 0:12:36]} 27. Ra1 {[%clk 0:15:55]} Bb5
{[%clk 0:11:28]} 28. Rxa5 {[%clk 0:14:12]} Rxa5 {[%clk 0:11:17]} 29. Nxa5
{[%clk 0:14:36]} Kh7 {[%clk 0:10:09]} 30. Rxb4 {[%clk 0:11:37]} Bd3
{[%clk 0:10:23]} 31. Qc3 {[%clk 0:11:12]} Ra8 {[%clk 0:09:23]} 32. Rb7
{[%clk 0:08:56]} Qg5 {[%clk 0:08:35]} 33. d5 {[%clk 0:07:08]} Be2
{[%clk 0:08:24]} 34. c6 {[%clk 0:05:09]} Bf3 {[%clk 0:08:30]} 35. g3
{[%clk 0:05:35]} h5 {[%clk 0:08:34]} 36. Kh2 {[%clk 0:04:11]} Rd8
{[%clk 0:07:26]} 37. c7 {[%clk 0:04:14]} Rxd5 {[%clk 0:06:58]} 38. c8=Q
{[%clk 0:04:36]} Rd1 {[%clk 0:07:06]} 39. Qxf5+ {[%clk 0:05:00]} 1-0

[Event "EYCC 2024 - G18"]
[Site "?"]
[Date "2024.08.22"]
[Round "1.6"]
[White "Sukyte, Kotryna"]
[Black "Voigt, Anastasia"]
[Result "1/2-1/2"]
[BlackElo "2037"]
[WhiteElo "1818"]
[LiveChessVersion "1.4.8"]

1. d4 {[%clk 1:30:57]} d5 {[%clk 1:30:56]} 2. c4 {[%clk 1:31:19]} e6
{[%clk 1:31:22]} 3. Nc3 {[%clk 1:31:35]} Nf6 {[%clk 1:31:47]} 4. cxd5
{[%clk 1:31:56]} exd5 {[%clk 1:32:13]} 5. Bg5 {[%clk 1:32:12]} Be7
{[%clk 1:32:35]} 6. e3 {[%clk 1:32:21]} c6 {[%clk 1:32:54]} 7. Bd3
{[%clk 1:32:27]} Nbd7 {[%clk 1:33:02]} 8. Qc2 {[%clk 1:31:18]} O-O
{[%clk 1:33:07]} 9. Nge2 {[%clk 1:31:32]} Re8 {[%clk 1:32:51]} 10. O-O
{[%clk 1:27:36]} Nf8 {[%clk 1:32:54]} 11. f3 {[%clk 1:27:14]} Be6
{[%clk 1:33:01]} 12. e4 {[%clk 1:17:18]} dxe4 {[%clk 1:32:12]} 13. fxe4
{[%clk 1:16:06]} Ng4 {[%clk 1:31:51]} 14. Bxe7 {[%clk 1:14:12]} Qxe7
{[%clk 1:29:24]} 15. Qd2 {[%clk 1:03:14]} Rad8 {[%clk 1:24:54]} 16. h3
{[%clk 1:01:45]} Nf6 {[%clk 1:23:37]} 17. Qe3 {[%clk 0:53:31]} Ng6
{[%clk 1:13:56]} 18. Nf4 {[%clk 0:45:18]} Nxf4 {[%clk 1:04:18]} 19. Rxf4
{[%clk 0:45:18]} Nh5 {[%clk 0:51:15]} 20. Rf2 {[%clk 0:36:39]} Nf6
{[%clk 0:38:43]} 21. Rd1 {[%clk 0:25:23]} Rc8 {[%clk 0:33:05]} 22. Qf3
{[%clk 0:21:33]} Red8 {[%clk 0:24:36]} 23. Bb1 {[%clk 0:18:43]} Rc7
{[%clk 0:18:08]} 24. d5 {[%clk 0:10:35]} Bc8 {[%clk 0:14:43]} 25. dxc6
{[%clk 0:08:02]} Rxd1+ {[%clk 0:13:03]} 26. Qxd1 {[%clk 0:08:11]} bxc6
{[%clk 0:09:36]} 27. Rd2 {[%clk 0:07:59]} Rd7 {[%clk 0:08:33]} 28. Rxd7
{[%clk 0:06:29]} Bxd7 {[%clk 0:08:34]} 29. Qd4 {[%clk 0:06:27]} c5
{[%clk 0:07:00]} 30. Qd3 {[%clk 0:05:23]} g6 {[%clk 0:06:17]} 31. Nd5
{[%clk 0:04:29]} Nxd5 {[%clk 0:06:14]} 32. Qxd5 {[%clk 0:04:43]} Be6
{[%clk 0:04:39]} 33. Qe5 {[%clk 0:03:42]} h5 {[%clk 0:03:10]} 34. Bc2
{[%clk 0:03:49]} c4 {[%clk 0:02:34]} 35. Qd4 {[%clk 0:03:44]} Qc7
{[%clk 0:02:28]} 36. Bd1 {[%clk 0:02:16]} Qa5 {[%clk 0:02:41]} 37. Qc3
{[%clk 0:00:59]} Qxa2 {[%clk 0:02:54]} 38. Kh2 {[%clk 0:00:58]} Qa6
{[%clk 0:02:40]} 39. Qd4 {[%clk 0:00:42]} Qa5 {[%clk 0:02:31]} 40. Be2
{[%clk 0:00:49]} Qc7+ {[%clk 0:01:55]} 41. Kg1 {[%clk 0:00:59]} Qb6
{[%clk 0:01:39]} 42. Qxb6 {[%clk 0:00:47]} axb6 {[%clk 0:02:03]} 43. Kf2
{[%clk 0:01:12]} Kf8 {[%clk 0:01:42]} 44. Ke3 {[%clk 0:01:33]} Ke7
{[%clk 0:01:56]} 45. Kd4 {[%clk 0:01:54]} b5 {[%clk 0:02:08]} 46. Kc5
{[%clk 0:01:57]} Bd7 {[%clk 0:02:31]} 47. Kd5 {[%clk 0:01:27]} Kf6
{[%clk 0:01:25]} 48. Kd6 {[%clk 0:01:24]} Be6 {[%clk 0:01:33]} 49. Kc5
{[%clk 0:01:33]} Ke5 {[%clk 0:00:47]} 50. Kxb5 {[%clk 0:01:12]} Kd4
{[%clk 0:01:11]} 51. Kb4 {[%clk 0:01:24]} f6 {[%clk 0:01:00]} 52. h4
{[%clk 0:01:19]} g5 {[%clk 0:00:48]} 53. hxg5 {[%clk 0:00:55]} fxg5
{[%clk 0:01:14]} 54. Bxh5 {[%clk 0:01:01]} Kxe4 {[%clk 0:01:29]} 55. Be2
{[%clk 0:00:44]} Kd4 {[%clk 0:01:30]} 56. g4 {[%clk 0:00:41]} Bg8
{[%clk 0:01:20]} 57. Bf1 {[%clk 0:00:54]} Bf7 {[%clk 0:01:26]} 58. Be2
{[%clk 0:01:15]} Be6 {[%clk 0:01:09]} 59. Kb5 {[%clk 0:01:18]} Bd7+
{[%clk 0:00:52]} 60. Kb4 {[%clk 0:01:36]} Be6 {[%clk 0:01:03]} 1/2-1/2

[Event "EYCC 2024 - G18"]
[Site "?"]
[Date "2024.08.22"]
[Round "1.7"]
[White "Barwinska, Ewa"]
[Black "Ajradinoska, Indzi"]
[Result "1-0"]
[BlackElo "1812"]
[WhiteElo "2035"]
[LiveChessVersion "1.4.8"]

1. Nf3 {[%clk 1:30:57]} e6 {[%clk 1:30:34]} 2. g3 {[%clk 1:31:19]} Nf6
{[%clk 1:30:47]} 3. Bg2 {[%clk 1:31:43]} c5 {[%clk 1:30:30]} 4. O-O
{[%clk 1:31:53]} Nc6 {[%clk 1:30:51]} 5. d3 {[%clk 1:31:55]} d5 {[%clk 1:26:43]}
6. Nbd2 {[%clk 1:30:36]} g6 {[%clk 1:26:25]} 7. e4 {[%clk 1:30:06]} Bg7
{[%clk 1:22:04]} 8. c3 {[%clk 1:29:32]} O-O {[%clk 1:21:51]} 9. e5
{[%clk 1:27:01]} Nd7 {[%clk 1:18:59]} 10. d4 {[%clk 1:27:13]} b5 {[%clk 1:18:26]}
11. Re1 {[%clk 1:25:28]} Qb6 {[%clk 1:17:09]} 12. Nf1 {[%clk 1:24:44]} f6
{[%clk 1:13:35]} 13. exf6 {[%clk 1:20:34]} Nxf6 {[%clk 1:13:17]} 14. dxc5
{[%clk 1:16:24]} Qxc5 {[%clk 1:10:11]} 15. Be3 {[%clk 1:15:04]} Qe7
{[%clk 1:08:57]} 16. Nd4 {[%clk 1:13:06]} Qb7 {[%clk 1:05:54]} 17. Nxc6
{[%clk 1:00:27]} Qxc6 {[%clk 1:06:14]} 18. Bd4 {[%clk 1:00:43]} Re8
{[%clk 1:03:09]} 19. Be5 {[%clk 0:56:35]} Bb7 {[%clk 0:56:20]} 20. Qd4
{[%clk 0:53:21]} Rf8 {[%clk 0:52:15]} 21. Ne3 {[%clk 0:48:19]} Qd7
{[%clk 0:48:18]} 22. Rad1 {[%clk 0:38:57]} Qf7 {[%clk 0:47:51]} 23. f4
{[%clk 0:38:14]} a6 {[%clk 0:45:16]} 24. Bh3 {[%clk 0:37:45]} Rfe8
{[%clk 0:44:26]} 25. Ng4 {[%clk 0:34:28]} Nxg4 {[%clk 0:42:02]} 26. Bxg4
{[%clk 0:34:15]} Bf8 {[%clk 0:41:40]} 27. Qe3 {[%clk 0:33:18]} Rac8
{[%clk 0:39:04]} 28. Bd4 {[%clk 0:32:58]} Rc6 {[%clk 0:37:23]} 29. Qe5
{[%clk 0:32:34]} Bg7 {[%clk 0:37:14]} 30. Qxg7+ {[%clk 0:32:39]} Qxg7
{[%clk 0:37:36]} 31. Bxg7 {[%clk 0:33:05]} Kxg7 {[%clk 0:37:45]} 32. Rxd5
{[%clk 0:32:59]} Kf6 {[%clk 0:31:11]} 33. Rd7 {[%clk 0:30:24]} Re7
{[%clk 0:30:20]} 34. Red1 {[%clk 0:28:35]} Bc8 {[%clk 0:29:19]} 35. Rd8
{[%clk 0:26:22]} Kg7 {[%clk 0:27:34]} 36. Kf2 {[%clk 0:25:54]} a5
{[%clk 0:25:27]} 37. R1d2 {[%clk 0:22:49]} b4 {[%clk 0:25:08]} 38. cxb4
{[%clk 0:20:14]} axb4 {[%clk 0:25:31]} 39. Bf3 {[%clk 0:18:36]} Rc5
{[%clk 0:24:49]} 40. R8d4 {[%clk 0:16:36]} Rb5 {[%clk 0:22:34]} 41. Rc2
{[%clk 0:15:52]} Ba6 {[%clk 0:20:21]} 42. Be2 {[%clk 0:13:06]} Rb6
{[%clk 0:19:59]} 43. Bxa6 {[%clk 0:12:27]} Rxa6 {[%clk 0:19:11]} 44. Rxb4
{[%clk 0:12:51]} Rxa2 {[%clk 0:19:29]} 45. Rb6 {[%clk 0:12:14]} e5
{[%clk 0:18:53]} 46. fxe5 {[%clk 0:11:16]} Ra5 {[%clk 0:16:30]} 47. e6
{[%clk 0:11:07]} Rh5 {[%clk 0:15:56]} 48. Kf3 {[%clk 0:09:54]} Rf5+
{[%clk 0:16:12]} 49. Ke4 {[%clk 0:09:47]} Kf6 {[%clk 0:16:13]} 50. Rcc6
{[%clk 0:08:41]} Rf2 {[%clk 0:16:26]} 51. h4 {[%clk 0:08:53]} h6 {[%clk 0:16:32]}
52. Ke3 {[%clk 0:08:34]} Rf5 {[%clk 0:16:11]} 53. b4 {[%clk 0:07:09]} g5
{[%clk 0:15:59]} 54. Rc5 {[%clk 0:03:24]} Rf1 {[%clk 0:10:27]} 55. Ke2
{[%clk 0:03:20]} Rf5 {[%clk 0:09:11]} 56. Rxf5+ {[%clk 0:03:00]} Kxf5
{[%clk 0:09:40]} 57. hxg5 {[%clk 0:02:34]} Kxg5 {[%clk 0:09:43]} 58. Kf3
{[%clk 0:02:08]} h5 {[%clk 0:09:29]} 59. Rc6 {[%clk 0:01:48]} h4 {[%clk 0:07:42]}
60. gxh4+ {[%clk 0:02:04]} Kxh4 {[%clk 0:08:06]} 61. Kf4 {[%clk 0:02:19]} Rb7
{[%clk 0:07:57]} 62. Rc4 {[%clk 0:02:28]} Kh5 {[%clk 0:07:57]} 63. Kf5
{[%clk 0:02:31]} Kh6 {[%clk 0:08:19]} 64. Kf6 {[%clk 0:02:49]} Kh7
{[%clk 0:07:49]} 65. e7 {[%clk 0:03:10]} 1-0

[Event "EYCC 2024 - G18"]
[Site "?"]
[Date "2024.08.22"]
[Round "1.8"]
[White "Dalla, Maria Myrsini"]
[Black "Tsakona, Maria"]
[Result "0-1"]
[BlackElo "2031"]
[WhiteElo "1810"]
[LiveChessVersion "1.4.8"]

1. e4 {[%clk 1:30:56]} c5 {[%clk 1:30:56]} 2. Nf3 {[%clk 1:31:21]} e6
{[%clk 1:31:19]} 3. d4 {[%clk 1:31:46]} cxd4 {[%clk 1:31:36]} 4. Nxd4
{[%clk 1:32:08]} Nc6 {[%clk 1:32:01]} 5. Nc3 {[%clk 1:32:21]} Qc7
{[%clk 1:31:55]} 6. Be3 {[%clk 1:32:08]} a6 {[%clk 1:32:12]} 7. Qf3
{[%clk 1:31:36]} d6 {[%clk 1:32:04]} 8. Nxc6 {[%clk 1:30:11]} Qxc6
{[%clk 1:32:13]} 9. g4 {[%clk 1:28:46]} b5 {[%clk 1:29:23]} 10. a3
{[%clk 1:26:19]} h6 {[%clk 1:19:25]} 11. Bg2 {[%clk 1:08:32]} Bd7
{[%clk 1:18:08]} 12. Qg3 {[%clk 0:47:29]} Rc8 {[%clk 1:14:34]} 13. f4
{[%clk 0:41:02]} Qc4 {[%clk 1:09:49]} 14. Bf1 {[%clk 0:36:53]} Qc7
{[%clk 1:07:53]} 15. Bd3 {[%clk 0:34:30]} Nf6 {[%clk 0:58:02]} 16. Bd4
{[%clk 0:21:49]} Be7 {[%clk 0:41:56]} 17. O-O-O {[%clk 0:11:36]} Qb7
{[%clk 0:24:04]} 18. e5 {[%clk 0:05:06]} b4 {[%clk 0:23:45]} 19. axb4
{[%clk 0:04:08]} Nd5 {[%clk 0:22:56]} 20. Nxd5 {[%clk 0:02:59]} Qxd5
{[%clk 0:22:51]} 21. Bc3 {[%clk 0:02:26]} Qa2 {[%clk 0:21:17]} 22. Kd2
{[%clk 0:01:15]} dxe5 {[%clk 0:20:50]} 23. fxe5 {[%clk 0:01:02]} Bb5
{[%clk 0:17:28]} 24. Ke2 {[%clk 0:01:06]} O-O {[%clk 0:16:31]} 25. Bxb5
{[%clk 0:01:16]} axb5 {[%clk 0:16:55]} 26. Rd7 {[%clk 0:01:15]} Qc4+
{[%clk 0:15:52]} 27. Rd3 {[%clk 0:00:51]} Qe4+ {[%clk 0:15:12]} 28. Kf2
{[%clk 0:00:58]} Qxh1 {[%clk 0:15:26]} 29. Rf3 {[%clk 0:00:57]} Rfd8
{[%clk 0:14:49]} 30. Qf4 {[%clk 0:00:50]} Bh4+ {[%clk 0:14:58]} 0-1